000 01139cam a22002054a 4500
005 20250605164008.0
008 250528s ||||||||||||||||||||||||d
035 _a15859
020 _a201180537
040 _aGR-AtMCL
_bgre
_dGR-AtMCL
_eAACR2
245 1 _aNatural Language Processing in Prolog / An Introduction to Computational Linguistics
260 _bAddison-Wesley Publishing Company,
_c1989
300 _a506
520 _aTwo leading international authorities have combined to provide a lucid introduction to the concepts and techniques of natural language processing (NLP) - one of the fastest growing areas in artificial intelligence. Preface, Introduction, Finite-State Techniques, Recursive and Augmented Transition Networks, Grammars, Parsing and Search and Ambiguity, Well-Formed Substring Tables and Charts, Features and the Lexicon, Semantics, Question Answering and Inference, Pragmatics, Appendix: Code Listings, Solutions to Selected Exercises, Bibliography, Name and General Index.
700 1 _aGazdar Gerald
_91879
700 1 _aMellish Chris
_91880
942 _cBK
999 _c1409
_d1409